Botanisches Museum Berlin.

محفوظ في:

مؤلف مشترك: Botanisches Museum (Berlin, Germany).

التنسيق: كتاب

اللغة: German

منشور في: München ; New York : Prestel, c1999.

سلاسل: Prestel-Museumsführer.

الموضوعات:

الوسوم: إضافة وسم

لا توجد وسوم, كن أول من يضع وسما على هذه التسجيلة!

رقم الطلب: QK79.5 .G32 B4

LEADER 00670nam a22002177a 4500
003 OSt
005 20251117100418.0
008 251117t1999 gw ae b 001 0 ger d
020 |a 3791322028 
040 |c ARCE Library 
050 1 4 |a QK79.5 .G32  |b B4 
110 1 |a Botanisches Museum (Berlin, Germany). 
245 1 0 |a Botanisches Museum Berlin. 
264 1 |a München ; New York :  |b Prestel,  |c c1999. 
300 |a 95 p. :   |b col. ill., col. plans ;   |c 22 cm. 
490 0 |a Prestel-Museumsführer. 
504 |a Includes bibliographical references (p. 94-95) and index. 
610 2 0 |a Botanisches Museum (Berlin, Germany). 
901 |a reviewed 
942 |2 lcc  |c BK 
999 |c 48673  |d 48673